00590 2200217 4500001002100000005001700021008004100038020002200079035002500101040001200126082000800138084001800146100002000164245005100184250001000235260003200245300003700277500003100314650001500345850001200360INLIS00000000000827120150728094839.0  a978-602-7981-31-7 a0010-071500000000954 aYOPDYOG a510 aDEP 510 Suk T aSUKIRMAN, 1949- aTeori grupb: (aljabar abstrak 1)c/ Sukirman. aEd.1. aYogyakartabUNY Pressc2014 aviii, 280 hlm.b: ilus.c; 23 cm aBibliografi : hlm. 223-224 aMatematika aYOPDYOG